000 00702nam a2200289Ia 4500
005 20260324120315.0
008 008 260324s9999 xx 000 0 eng d
020 _a9781315735689
037 _aEBOOK
040 _aCRL
040 _beng
040 _cCRL
041 _2eng
041 _aeng
084 _qCRL
100 _aRita J. Turner
_91158049
245 0 _aTeaching for EcoJustice
245 0 _bCurriculum and Lessons for Secondary and College Classrooms
260 _bTaylor and Francis
260 _c2015
365 _a
365 _b255
856 _uhttp://www.taylorfrancis.com/books/9781315735689
942 _cEBOOK
999 _c1749508
_d1749508